Toán học cao cấp Giáo trình dùng cho các trường đại học kĩ thuật T.1

Gardado en:
Detalles Bibliográficos
Autor Principal: Nguyễn, Đình Trí
Outros autores: Tạ, Văn Đĩnh
Formato: Libro
Idioma:Undetermined
Publicado: H. Giáo dục 2004
Những chủ đề:
Acceso en liña:http://lrc.tdmu.edu.vn/opac/search/detail.asp?aID=2&ID=6033
Các nhãn: Engadir etiqueta
Sen Etiquetas, Sexa o primeiro en etiquetar este rexistro!
Thư viện lưu trữ: Trung tâm Học liệu Trường Đại học Thủ Dầu Một
LEADER 00813nam a2200241Ia 4500
001 TDMU_6033
008 210410s9999 xx 000 0 und d
082 |a 512.14 
090 |b NG527 
100 |a Nguyễn, Đình Trí 
245 0 |a Toán học cao cấp 
245 0 |b Giáo trình dùng cho các trường đại học kĩ thuật 
245 0 |c Nguyễn Đình Trí 
245 0 |n T.1 
245 0 |p Đại số và hình học giải tích 
260 |a H. 
260 |b Giáo dục 
260 |c 2004 
300 |a 391tr 
650 |a Toán cao cấp; Hình học giải tích; Đại số 
700 |a Tạ, Văn Đĩnh 
856 |u http://lrc.tdmu.edu.vn/opac/search/detail.asp?aID=2&ID=6033 
980 |a Trung tâm Học liệu Trường Đại học Thủ Dầu Một